Skoczkowie którzy byli w czołowej dziesiątce na IO w XXI wieku - Statystyki

Ogólne statystyki
  • Ten quiz został rozwiązany 66 razy
  • Średni wynik to 44 z 60
Statystyki odpowiedzi
Narodowość Lata Skoczek % Poprawnych
Polska 2022-2014 Kamil Stoch
98%
2022, 2018 Dawid Kubacki
95%
2010-2002 Adam Małysz
93%
Szwajcaria 2010-2002 Simon Ammann
93%
Finlandia 2010-2002 Janne Ahonen
91%
2014, 2010 Noriaki Kasai
91%
2022-2010 Peter Prevc
91%
Japonia 2022, 2018 Ryōyū Kobayashi
91%
2022 Stefan Kraft
91%
2006 Jakub Janda
90%
2018 Stefan Hula
90%
2014 Maciej Kot
88%
2010, 2006 Thomas Morgenstern
88%
2014 Daiki Itō
84%
2014, 2010 Gregor Schlierenzauer
84%
2018, 2014 Andreas Wellinger
81%
2010, 2002 Martin Schmitt
81%
2010, 2006 Andreas Kofler
79%
Niemcy 2022, 2018 Karl Geiger
79%
2018, 2014 Michael Hayböck
79%
2018 Richard Freitag
79%
2014 Severin Freund
79%
2022, 2018 Markus Eisenbichler
78%
2002 Primož Peterka
78%
2010 Robert Kranjec
78%
2002 Sven Hannawald
78%
2010 Wolfgang Loitzl
78%
2002 Kazuyoshi Funaki
76%
Austria 2022 Manuel Fettner
76%
2002 Martin Koch
76%
2006, 2002 Matti Hautamäki
76%
2014 Anders Bardal
74%
2018 Daniel-André Tande
72%
2022 Halvor Egner Granerud
72%
2018 Johann André Forfang
72%
2006, 2002 Andreas Küttel
71%
2006 Dmitriy Vassiliev
71%
Rosja 2022 Evgeniy Klimov
71%
2018 Robert Johansson
71%
Słowenia 2022 Timi Zajc
71%
2014 Anders Fannemel
69%
2010 Anders Jacobsen
67%
2014 Jernej Damjan
67%
Norwegia 2022 Marius Lindvik
67%
2010, 2006 Michael Neumayer
64%
2014 Thomas Diethart
64%
2006 Bjørn Einar Romøren
62%
2022 Jan Hörl
62%
2006 Roar Ljøkelsøy
62%
2018 Andreas Stjernen
60%
2006 Takanobu Okabe
60%
Czechy 2010 Antonín Hájek
59%
2010-2002 Michael Uhrmann
59%
2006 Lars Bystøl
55%
2014 Andreas Wank
53%
2014 Marinus Kraus
52%
2002 Veli-Matti Lindström
43%
2002 Stefan Horngacher
38%
2022 Danil Sadreev
36%
2014 Reruhi Shimizu
33%
Nie znaleziono quizów pasujących do podanych kryteriów
Rozkład punktacji
Procent ludzi z każdym wynikiem
Percentyl według liczby udzielonych odpowiedzi
Twoja historia wyników
Nie rozwiązałeś tego quizu